| 000 | 01106cam a2200361 a 4500 | ||
|---|---|---|---|
| 001 | 9335 | ||
| 003 | FISKH | ||
| 005 | 20260401140144.0 | ||
| 008 | 961112s1997 mnuab b b 001 0 eng | ||
| 010 | _a 96050161 | ||
| 020 | _a1560655224 | ||
| 020 | _a9781560655220 | ||
| 020 | _a9780736883672 | ||
| 035 | _a2582070 | ||
| 040 |
_aDLC _cDLC _dDLC _beng |
||
| 050 | 0 | 0 |
_aF2508.5 _b.D34 1997 |
| 082 | 0 | 0 |
_a981 _221 |
| 100 | 1 | _aDahl, Michael. | |
| 245 | 1 | 0 |
_aBrazil / _cby Michael Dahl. |
| 260 |
_aMankato, Minn. : _bBridgestone Books, _c1997. |
||
| 300 |
_a24 pages : _bcolor illustrations ; color maps ; _c21 cm |
||
| 490 | 1 | _aCountries of the world | |
| 504 | _aIncludes bibliographical references (p. 24) and index. | ||
| 505 | _aQ | ||
| 520 | _aAn introduction to the geography, history, people, and culture of Brazil, the largest country in South America. | ||
| 521 | 8 |
_a660
_bLexile |
|
| 521 | 8 |
_aQ
_bRaz-Plus |
|
| 651 | 0 |
_aBrazil _xJuvenile literature. |
|
| 651 | 1 | _aBrazil. | |
| 906 |
_a7 _bcbc _corignew _d1 _eocip _f19 _gy-gencatlg |
||
| 942 |
_2ddc _cBK _n0 |
||
| 999 |
_c9335 _d9335 |
||